00879cam a22002771 4500001001300000003000400013005001700017008004100034010001700075035001900092040004600111042001200157043002100169050001900190110002500209245008000234260005700314300001800371500001700389610004600406651004100452651004100493740001700534740003300551999001700584sd 32000018 DLC20260227112732.0801105s1931 nyu u000 0 eng c asd 32000018  a(OCoLC)6904680 aU. S. Dept. of State LibrarycOkTahNdDLC apremarc ae-au---ae-ge---00aHF1733.G4bA452 aAmerican Foundation.14aThe world court's advisory opinion on the Austro-German customs union case. aNew York,bAmerican Foundation, incorporated,c1931. a39 p.c26 cm. aCover title.20aPermanent Court of International Justice. 0aGermanyxForeign relationszAustria. 0aAustriaxForeign relationszGermany.0 aWorld court.0 aAustro-German customs union. c89799d89799